000 00530nam a22001817a 4500
999 _c524875
_d524875
003 NUST
038 _aFaiza
082 _a891.423
_bKAS
100 _aKashmiri, Shahid Mehmood
_915671
245 _aSurt Sawair /
_cShahid Mehmood Kashmiri
260 _aLahore :
_bMuneer Ahmad,
_c1989.
300 _a328 p. ;
500 _aPapercover.
880 _6100-01\r
_aشاہد محمود کاشمیری
880 _6245-02\r
_aسُرت سویر /
880 _6260-03\r
_aلاہور :
_bمُنیراحمد,
_c۱۹۸۹.
942 _2ddc
_cBK